| 000 | 00512nam a2200193Ia 4500 | ||
|---|---|---|---|
| 003 | OSt | ||
| 005 | 20191223135231.0 | ||
| 008 | 190216s9999||||xx |||||||||||||| ||und|| | ||
| 020 | _a9789325960008 | ||
| 040 | _coclc | ||
| 082 |
_a336 _bBHA/P |
||
| 100 |
_aBhatia, H L _9563 |
||
| 245 | 0 |
_aPublic Finance / _c H L Bhatia |
|
| 250 | _a27th ed. | ||
| 260 |
_bVikas Publishing House, _c2014. _aDelhi: |
||
| 300 | _a628p | ||
| 650 | _aEconomics | ||
| 942 |
_cBK _2ddc _h336 _iBHA/P _k336 _mBHA/P |
||
| 999 |
_c11351 _d11351 |
||